00778 a2200205 4500003000500000005001700005010001300022040000900035082001300044100002700057245003900084260003400123300003300157505019300190600002700383650001000410942001200420999001900432952012100451Nust20230525113742.0 a38015121 cNust a823, GIB aGibbs, Philip,9112582 aAcross the frontierscPhilip Gibbs aLondon,bM. Joseph Ltd.c1938 a336 p.bfront. (port.)c22cm aTwenty years after (Page-7),The Cause if Passion (Page-73),The Stricken League (Page-119), The New Germany(Page-173),The Problem of the Jews (Page-263), Illusions and Realities (Page-283). aGibbs, Philip,9112582 cNovel 2ddccBK c186805d186805 00102ddc4070aMCSbMCScFICd2016-12-12o823,GIBpMCS30131r2016-12-08w2016-12-12yBKzAlmirah No.57, Shelf No.5